| 000 | 01237cab a2200229 4500 | ||
|---|---|---|---|
| 001 | ABS67439 | ||
| 008 | 040203n2003 000 0 eng u | ||
| 035 | _a(Sirsi) u124999 | ||
| 245 | _aArundel Corporation v Mohammed Ramsan Khokher | ||
| 260 | _c2003 | ||
| 520 | _a[2003] EWCA Civ 1784, 9 December 2003. Appeal of landlord (A) from the judge's decision ([2003] EWCA Civ 491, [2003] All ER (D) 134 Apr) that i) the tenant (K) had validly served a counternotice in response to its rent review notice and ii) A had unreasonably witheld its consent to a proposed subletting of part of the demised premises to a third party (C). "Held" K's solicitor had been informed of the change in the location of A's place of business while acting as his solicitor in relation to his lease of the premises. Appeal allowed in part. View at www.courtservice.gov.uk | ||
| 590 | _aABS | ||
| 590 | _aABS | ||
| 590 | _aABS | ||
| 650 | _aCONSENT TO SUBLET | ||
| 650 | _aRENT REVIEWS | ||
| 650 | _aUNDERLEASES | ||
| 650 | _aARUNDEL CORPORATION V KHOKHER | ||
| 690 | _aLANDLORD AND TENANT-LEASES-CASE LAW | ||
| 856 |
_uhttps://www.courtservice.gov.uk/judgmentsfiles/j2140/arundel-v-khokher.htm _zView on the Court Service website... |
||
| 942 | _n0 | ||
| 999 |
_c74106 _d74106 |
||